00902nam a2200253Ia 450000500170000000800410001702000150005808200170007310000200009024501250011025000190023530000420025465000530029665000280034965000220037765000230039970000330042270000420045526400280049733600270052533700330055233800280058504000350061320220317000608.0160601s1998 uk a g 000 0 spa  a074603424504a611.3 bS53q1 aSmith, Alastair10aQué pasa cuando comes? cAlastair Smith ; ilustraciones María Wheatley; traducción Amelia Leigh de Carmona UK Ltd. a1a. edición  a16 páginas bilustraciones c22 cm 142LEMBaAnatomía humana xEnseñanza elemental 142LEMBaAparato digestivo142LEMBaEstómago 142LEMBaDigestión 1 aWheatley, Mariaeilustrador 1 aLeigh de Carmona, Amelia,etraductor  aLondres bUsbornec1998 atextobtxt2rdacontent asin mediaciónbn2rdamedia avolumenbnc2rdacarrier aCO-BoRNBPbspaerdacCO-BoRNBP